1500 1263 1239 1938 1330 1517 1489 1419 1733 1191 1536 1375 1625 1665 1424 1230 1792 1930 1064 1647 1245 1036 1812 1395 1156 1961 1526 1701 1845 1987 1814 1193 1711 1636 1990 1169 1445 1969 1661 1801 1951 1511 1096 1628 1576 1210 1833 1995 1526 1318 1912 1749 1693 1614 1080 1172 1175 1508 1894 1212 1751 1859 1825 1126 1483 1866 1933 1753 1332 1981 1782 1444 1835 1227 1087 1197 1862 1422 1910 1037 1995 1789 1517 1554 1909 1262 1686 1646 1657 1249 1313 1584 1502 1861 1555 1805 1801 1478 1134 BCNSPRNW ULIB Ver.6.0+V

เปลี่ยนเป็นภาษาไทย

Change to English
 แสดงรายละเอียดบรรณานุกรม
  กลับหน้าหลัก

Brief Record : Get Marc (ISO 2709) : E-mail record : QR code < ปิดหน้าต่าง
LEADER : 00000nam 2200000uu 4500
001    13399129160
003     ULIB
008    250903s2023||||th 000 0 tha d
020    ^a9780323775625
060  4 ^aWS100^bM424N
100 1  ^aMarcdante, Karen j.
245 1  ^aNelson essentials of pediatrics /^cKaren J. Marcdante, MD. Professor of Pediatrics, Medical College of Wisconsin, Children s Hospital of Wisconsin, Milwaukee, Wisconsin, Robert M. Kliegman, MD. Professor of Pediatrics Medical College of Wisconsin Milwaukee, Wisconsin, Abigail M. Schuh, MD, MMHPE. Assistant Professor of Pediatrics, Division Pediatrics Emergency Medicine, Medical College of Wisconsin, Milwaukee, Wisconsin.
246 3  ^aEssentials of pediatrics
250    ^a9 edition.
250    ^a9th ed.
260    ^aPhiladelphia, Pa. :^bElsevier,^c2023.
300    ^axii, 829 pages :^billustrations (some color), charts ;^c27 cm
505 0  ^aSection 1. The profession of pediatrics -- Section 2. Growth and development -- Section 3. Behavioral disorders -- Section 4. Psychiatric disorders -- Section 5. Psychosocial issues -- Section 6. Pediatric nutrition and nutritional disorders -- Section 7. Fluids and electrolytes -- Section 8. The acutely ill or injured child -- Section 9. Human genetics and dysmorphology -- Section 10. Metabolic disorders -- Section 11. Fetal and neonatal medicine -- Section 12. Adolescent medicine -- Section 13. Immunology -- Section 14. Allergy -- Section 15. Rheumatic diseases of childhood -- Section 16. Infectious diseases -- Section 17. The digestive system -- 18. The respiratory system -- Section 19. The cardiovascular system -- Section 20. Hematology -- Section 21. Oncology -- Section 22. Nephrology and urology -- Section 23. Endocrinology -- Section 24. Neurology -- Section 25. Dermatology -- Section 26. Orthopedics.
505 0  ^aThe profession of pediatrics -- Growth and development -- Behavioral disorders -- Psychiatric disorders -- Psychosocial issues -- Pediatric nutrition and nutritional disorders -- Fluids and electrolytes -- The acutely ill or injured child -- Human genetics and dysmorphology -- Metabolic disorders -- Fetal and neonatal medicine -- Adolescent medicine -- Immunology -- Allergy -- Rheumatic diseases of childhood -- Infectious diseases -- The digestive system -- The respiratory system -- The cardiovascular system -- Hematology -- Oncology -- Nephrology and urology -- Endocrinology -- Neurology -- Dermatology -- Orthopedics.
650  0 ^aPediatrics.
700 1  ^aKliegman, Robert m.^eAuthor.
700 1  ^aSchuh, Abigail m.^eAuthor.
945    ^p3015^l0^i011932
999    ^aประนอม เกษจรัล
รายการนี้ยังไม่มีแท็ก
คุณยังไม่ได้ล็อกอิน คุณสามารถมีกิจกรรมร่วมกับเว็บไซต์ได้ แต่ต้องล็อกอินก่อน ::
  ล็อกอิน

รายการสื่อสารสนเทศ

ลำดับที่ ประเภท เลขเรียก/บาร์โค้ด สถานที่ สถานะ
1. วิทยาศาสตร์การแพทย์ และสุขภาพ
หนังสือสำรอง
สถานะ=หนังสือสำรอง
WS100 M424N ฉ.1 
  Barcode: 011932
ห้องสมุดวิทยาเขตสวรรค์ประชารักษ์
►หนังสือทั่วไป
บนชั้น

BibComment


ยังไม่เคยถูกคอมเมนท์

คอมเมนท์ทรัพยากรรายการนี้
  คอมเมนท์: Nelson essential..


 Copyright 2026. Bcnsprnw @Library